000 00555nam a2200193Ia 4500
005 20250508165416.0
008 008 250505s9999 xx 000 0 eng d
037 _aTheses
040 _aFEDL
_beng
_cFEDL
041 _aeng
_2eng
084 _a371.911, BAJ/TH
_qFEDL
100 _aBajaj Gagandeep
_9780770
245 0 _aInclusive education: Voice of the visually challenged student
260 _c2013
300 _a250p.
546 _aPh. D. Thesis, (Delhi University)
942 _cTH
_h371.911, BAJ/TH
999 _c1394946
_d1394946